000 01032nam a22003017a 4500
001 BR0102176
003 BR-BrBNA
005 20230928100851.0
007 ta
008 230509b bl.||||| |||| 00| 0 por d
040 _aBR-BrBNA
_bpor
_cBiblioteca Nacional de Agricultura
041 _a(Por)
072 _aF08; L02; L01
_b5212
_b1910
090 _ 5212 BR0102176
100 1 _aLeopoldino, W.M.
110 1 _aUniversidade Federal de Minas Gerais, Belo Horizonte (Brasil). Escola de Veterinaria
_0Tese (Mestre em Zootecnia)
245 1 _aAvaliacao nutricional de pastagens consorciadas com leguminosas tropicais, dinamica ruminal e producao de leite em vacas mesticas
260 3 _aBelo Horizonte, MG (Brasil):
_c2000.
300 _a49 p.
500 _aSummaries (Eng, Por); Bibliography p. 38-45; 19 tables
650 _aVaca Leiteira
650 _aPastagem
650 _aConsorciacao de Cultura
650 _aNutricao Animal
650 _aProducao Leiteira
909 _a202309
_bLucia
_c55
_dLucia Elande
942 _cBK
999 _c63170
_d63170